Statistics for Longest Running Broadway Theater Productions

Click here to take the quiz!

General Stats

  • This quiz has been taken 48,890 times
    (6,347 since last reset)
  • The average score is 21 of 101

Answer Stats

#ClosedProduction% Correct
13,9812023The Phantom of the Opera
88%
7,4852000Cats
77%
2,885activeHamilton
71%
10,276activeThe Lion King
69%
7,815activeWicked
65%
6,6802003Les Misérables
59%
10,657activeChicago
49%
5,1232008Rent
47%
1,7501972Hair
46%
4,671activeThe Book of Mormon
44%
1,4431963The Sound of Music
40%
3,3881989Grease
39%
1,5051998Grease
39%
2,2121948Oklahoma!
39%
5,7582015Mamma Mia!
38%
3,442activeAladdin
37%
2,3771983Annie
37%
2,6422009Hairspray
36%
5,4612007Beauty and the Beast
35%
1,6721979The Wiz
35%
1,1651969Cabaret
32%
2,3772004Cabaret
32%
3,2421972Fiddler on the Roof
30%
2,6192013Mary Poppins
30%
2,7171962My Fair Lady
30%
1,2001953Guys and Dolls
27%
1,1431995Guys and Dolls
27%
1,209activeMoulin Rouge!
27%
4,0922001Miss Saigon
26%
1,9251954South Pacific
26%
1,5671983Evita
25%
6,1371990A Chorus Line
24%
1,6722022Dear Evan Hansen
24%
1,5542017Matilda
24%
4,6422017Jersey Boys
23%
2,5052019Kinky Boots
23%
1,2461954The King and I
23%
2,5022007The Producers
21%
1,657active
Harry Potter and the
Cursed Child
20%
1,3481967Funny Girl
20%
2,8441970Hello, Dolly!
20%
1,5752009Spamalot
20%
1,3751961The Music Man
20%
2,5342009Avenue Q
19%
1,356activeHadestown
19%
1,1842011In the Heights
18%
1,5442020Waitress
18%
1,524200542nd Street
16%
3,486198942nd Street
16%
1,5211985Dreamgirls
16%
1,1471949Annie Get Your Gun
15%
1,3122012Billy Elliot the Musical
15%
1,6692022Come from Away
14%
1,3092019School of Rock
13%
1,8522004Aida
12%
1,9441977Pippin
12%
2,3282015Rock of Ages
12%
1,4171965How to Succeed in Business
Without Really Trying
11%
1,7611987La Cage aux Folles
11%
1,5081970Mame
11%
1,1682015Once
11%
1,21719721776
10%
2,4162019Beautiful: The Carole
King Musical
10%
2,3281971Man of La Mancha
10%
5,9591989Oh! Calcutta!
10%
1,3141972Oh! Calcutta!
10%
1,5432001Jekyll & Hyde
9%
1,1811983Amadeus
8%
1,6221996Crazy for You
8%
1,7741982Dancin'
8%
1,2091977Equus
8%
2,0362000Smokey Joe's Cafe
8%
1,5841982The Best Little
Whorehouse in Texas
8%
2,3271927Abie's Irish Rose
7%
1,6041982Ain't Misbehavin'
7%
1,4441944Arsenic and Old Lace
7%
1,5301967Barefoot in the Park
7%
1,7931982Deathtrap
7%
1,8191981Gemini
7%
1,7751949Harvey
7%
3,2241947Life with Father
7%
1,4201989Me and My Girl
7%
1,1652012Memphis
7%
1,3032005Movin' Out
7%
1,2811972Promises, Promises
7%
3,1821941Tobacco Road
7%
1,2951944Angel Street
6%
1,6421949Born Yesterday
6%
1,2991986Brighton Beach Memoirs
6%
1,2341968Cactus Flower
6%
1,4041941Hellzapoppin'
6%
1,2911921Lightnin'
6%
1,5721964Mary, Mary
6%
1,1571951Mister Roberts
6%
1,3261980Mummenschanz
6%
1,4531978Same Time, Next Year
6%
1,2221973Sleuth
6%
1,2081982Sugar Babies
6%
1,9201978The Magic Show
6%
1,5571948The Voice of the Turtle
6%
1,2221985Torch Song Trilogy
6%

Score Distribution

Percentile by Number Answered

Percent of People with Each Score

Your Score History

You have not taken this quiz since the last reset